Los plásticos en la construcción (Registro nro. 16311)
[ vista simple ]
| 000 -CABECERA | |
|---|---|
| Campo de control de longitud fija | 00477nam a22001697a 4500 |
| 003 - IDENTIFICADOR DEL NÚMERO DE CONTROL | |
| Campo de control | CL-SaCFP |
| 005 - FECHA Y HORA DE LA ÚLTIMA TRANSACCIÓN | |
| Campo de control | 20251224113043.0 |
| 008 - CÓDIGOS DE INFORMACIÓN DE LONGITUD FIJA | |
| Campo de control de longitud fija | 251224b |||||||| |||| 00| 0 spa d |
| 020 ## - NÚMERO INTERNACIONAL NORMALIZADO PARA LIBROS (ISBN) | |
| Número Internacional Normalizado para Libros (ISBN) | 9788425207396 |
| 040 ## - FUENTE DE LA CATALOGACIÓN | |
| Centro transcriptor | CL |
| 100 ## - PUNTO DE ACCESO PRINCIPAL - NOMBRE DE PERSONA | |
| Nombre de persona | Saechtling, Hansjürgen |
| 9 (RLIN) | 6914 |
| 245 ## - MENCIÓN DE TÍTULO | |
| Título | Los plásticos en la construcción |
| 250 ## - MENCIÓN DE EDICIÓN | |
| Mención de edición | Versión castellana de Luis Asensio |
| 260 ## - PUBLICATION, DISTRIBUTION, ETC. (IMPRINT) | |
| Lugar de publicación distribución etc. | Barcelona |
| Nombre del editor distribuidor etc. | Gustavo Gili |
| Fecha de publicación distribución etc. | 1978 |
| 300 ## - DESCRIPCIÓN FÍSICA | |
| Extensión | 256 p. |
| Otras características físicas | Ilustraciones |
| Dimensiones | 25 cm |
| 942 ## - ENTRADA PARA ELEMENTOS AGREGADOS (KOHA) | |
| Fuente de clasificación o esquema de ordenación en estanterías | Dewey Decimal Classification |
| Koha [por defecto] tipo de item | Libros |
| Suprimido | Estado de pérdida | Fuente de clasificación o esquema de ordenación en estanterías | Estropeado | No para préstamo | Localización permanente | Localización actual | Localización en estanterías | Fecha de adquisición | Préstamos totales | Código de barras | Fecha última consulta | Número de ejemplar | Fecha del precio de reemplazo | Tipo de item de Koha |
|---|---|---|---|---|---|---|---|---|---|---|---|---|---|---|
| Dewey Decimal Classification | Biblioteca Central | Biblioteca Central | Colección General | 24/12/2025 | 3563000054727 | 24/12/2025 | c.1 | 24/12/2025 | Libros |